header

Moving out of poverty. (Record no. 72906)

MARC details
000 -LEADER
fixed length control field 01358nam a2200337Ia 4500
245 00 - TITLE STATEMENT
Title Moving out of poverty.
260 ## - PUBLICATION, DISTRIBUTION, ETC. (IMPRINT)
Place of publication Washington, D.C. :
Name of publisher World Bank,
Year of publication c2009.
300 ## - PHYSICAL DESCRIPTION
Number of Pages xxv, 428 p.
650 #0 - SUBJECT ADDED ENTRY--TOPICAL TERM
Topical Term Poverty
Topical Term Social mobility
Topical Term Migrant labor
700 1# - ADDED ENTRY--PERSONAL NAME
Personal name Narayan-Parker, Deepa.
Personal name Pritchett, Lant.
Personal name Kapoor, Soumya.
856 40 - ELECTRONIC LOCATION AND ACCESS
Uniform Resource Identifier http://site.ebrary.com/lib/rucke/Doc?id=10290038

No items available.

© 2026 Rongo University
Contact us: librarian | system librarian | Rongo university